Click the 3-Letter Asian Country Code - Statistics

General Stats
  • This quiz has been taken 433 times
    429 since last reset
  • The average score is 44 of 48
Answer Stats
Hint Answer % Correct
China CHN
96%
Afghanistan AFG
95%
Iran IRN
95%
Jordan JOR
95%
Japan JPN
95%
Kuwait KWT
95%
Oman OMN
95%
Uzbekistan UZB
95%
Bangladesh BGD
94%
Brunei BRN
94%
Cyprus CYP
94%
Georgia GEO
94%
Israel ISR
94%
Kazakhstan KAZ
94%
Laos LAO
94%
Maldives MDV
94%
Malaysia MYS
94%
Philippines PHL
94%
Qatar QAT
94%
Saudi Arabia SAU
94%
Syria SYR
94%
Thailand THA
94%
Tajikistan TJK
94%
Turkey TUR
94%
Yemen YEM
94%
Azerbaijan AZE
93%
Iraq IRQ
93%
Kyrgyzstan KGZ
93%
Lebanon LBN
93%
Myanmar MMR
93%
Nepal NPL
93%
Pakistan PAK
93%
Singapore SGP
93%
Vietnam VNM
93%
Bahrain BHR
92%
Bhutan BTN
92%
India IND
92%
Mongolia MNG
92%
Taiwan TWN
92%
Armenia ARM
89%
Turkmenistan TKM
86%
South Korea KOR
85%
Sri Lanka LKA
83%
United Arab Emirates ARE
81%
East Timor TLS
80%
Cambodia KHM
77%
Indonesia IDN
75%
North Korea PRK
68%
No matching quizzes found
Score Distribution
Percent of People with Each Score
Percentile by Number Answered
Your Score History
You have not taken this quiz since the last reset